| 000 | 00967nam a2200277 i 4500 | ||
|---|---|---|---|
| 999 |
_c1909 _d1909 |
||
| 001 | 022547965 | ||
| 003 | UkOxU | ||
| 005 | 20230215111823.0 | ||
| 008 | 210427t20212018enka 000|0aeng d | ||
| 020 |
_a9780241982976 _qpaperback |
||
| 040 |
_aUkOxU _beng _erda _cUkOxU _dKH8 |
||
| 082 | _a973.9 OBA | ||
| 100 | 1 |
_aObama, Michelle, _d1964- _eauthor. |
|
| 245 | 1 | 0 |
_aBecoming / _cMichelle Obama. |
| 264 | 1 |
_aLondon : _bPenguin Books, _c2021. |
|
| 264 | 4 | _c©2018 | |
| 300 |
_axix, 441 pages, 16 unnumbered pages of plates : _bcolor illustrations ; _c20 cm. |
||
| 336 |
_atext _2rdacontent |
||
| 337 |
_aunmediated _2rdamedia |
||
| 338 |
_avolume _2rdacarrier |
||
| 500 | _aPublished in the United States by Crown, an imprint of Random House, a division of Penguin Random House LLC, New York. | ||
| 600 | 1 | 0 |
_aObama, Michelle, _d1964- |
| 650 | 0 |
_aPresidents' spouses _zUnited States _vBiography. |
|
| 650 | 0 |
_aFeminists _zUnited States _vBiography. |
|
| 942 |
_2ddc _cNFIC |
||